Legislación administrativa básica / Eduardo García de Enterría, José A. Escalante
ISBN:
84-7398-465-x
Descripción Física:
1302 p. ; 25 cm
MARC
| LEADER | 00000nam a2200000Ia 4500 | ||
|---|---|---|---|
| 001 | 19982 | ||
| 008 | 160829s1987 xx 000 0 cat d | ||
| 020 | |a 84-7398-465-x | ||
| 080 | |a D-3-182 | ||
| 100 | |a Espanya. Lleis, etc. |9 23269 | ||
| 245 | |a Legislación administrativa básica / Eduardo García de Enterría, José A. Escalante | ||
| 250 | |a 3a ed. | ||
| 260 | |a Madrid : |b Civitas, |c 1987 | ||
| 300 | |a 1302 p. ; |c 25 cm | ||
| 650 | |a Dret administratiu |x Legislació |x Espanya |9 25686 | ||
| 700 | 1 | |a García de Enterría, Eduardo, |d 1923-2013 |9 24607 | |
| 700 | |a Escalante, José A. |9 23331 | ||
| 901 | |a Arxiu | ||
| 942 | |n 1 | ||
| 952 | |0 1 |1 0 |2 udc |4 0 |5 2 |6 D3182 |7 1 |9 51854 |a Arxiu |b Arxiu |d 2016-12-01 |l 0 |o D-3-182 |p 19982 |r 2016-12-01 00:00:00 |w 2016-12-01 |y ARXIU | ||
| 999 | |c 55700 |d 55700 | ||